000 00432cam a2200181 4500
001 D12355
008 090401t1948 xxu||||| |||| 00| 0 eng d
035 _a(Sirsi) u2834
041 _aeng
100 _aCave, J. Otway
245 _aBook-keeping estate and farm accounts
260 _bF P Wilson Ltd
_c1948
350 _a0
520 _aShelf 114; 2 copies
700 _aKevan, Herbert J.
942 _n0
948 _c04/03/1997
999 _c85817
_d85817